Fußball: Nenne einen Verein, der ... - Statistiken

Allgemein
  • Dieses Quiz wurde 394 mal gespielt
  • Das Durchschnittsergebnis liegt bei 10 aus 14
Antwortstatistiken
% Korrekt
1. FC Köln | Werder Bremen | 1860 München | Eintracht Braunschweig | 1. FC Nürnberg
97%
Juventus | Inter Mailand | AC Mailand | SSC Neapel
91%
Manchester City | Leeds United | Everton | Arsenal | Derby County
85%
Hannover 96 | Bayer Leverkusen | Werder Bremen | Borussia Mönchengladbach | 1. FC Kaiserslautern
84%
Atlético Madrid | Sevilla | Villarreal
83%
West Ham United | Southampton | Manchester United | Ipswich Town | Arsenal
79%
FC Nantes | AJ Auxerre | AS Monaco | RC Lens | Girondins de Bordeaux
76%
Benfica
74%
Valencia | Espanyol | Real Zaragoza | Deportivo La Coruña | RCD Mallorca | Real Betis
73%
Kremser SC | Swarovski Tirol | Austria Wien | SV Stockerau | Wacker Insbruck
72%
Feyenoord | PSV Eindhoven
65%
Berliner FC Dynamo
63%
Tottenham Hotspur | West Ham United | Manchester City | Chelsea
59%
Corinthians | FC São Paulo | Internacional Porto Alegre
35%
Keine übereinstimmenden Quizze gefunden
Verteilung der Resultate
Anzahl Personen mit jedem Resultat
Perzentil nach korrekt beantworteten Fragen
Ihre Resultats-Entwicklung
Sie haben dieses Quiz noch nicht gespielt